Traduction des titres de Michael Jackson - Statistiques

Statistiques générales
  • Ce quiz a été pris 724 fois
  • Le résultat moyen est 12 sur 15
Statistiques - réponses
Traduction française Titre original % Correct
Mauvais Bad
100%
Noir ou Blanc Black or White
94%
Dangereux Dangerous
90%
Fantômes Ghosts
85%
Ils ne se soucient pas de nous They Don't Care About Us
82%
L'homme dans le miroir Man in the mirror
80%
Enfance Childhood
78%
Du sang sur la piste de danse Blood on the Dance Floor
77%
Laissez-moi tranquille Leave me Alone
76%
Fille Libérienne Liberian Girl
76%
Qui est-ce Who Is It
76%
Cri Scream
75%
L'étranger à Moscou Stranger in Moscow
70%
Tu fais vibrer mon monde You Rock My World
69%
Elle est sortie de ma vie She's out of my life
54%
Aucun quiz correspondant
Distribution des résultats
% des personnes avec chaque résultat
Percentile par nombre de réponses
Votre historique - résultats
Vous n’avez pas pris ce quiz